000 00340 a2200169 4500
001 186888
020 _a85-329-0048-8
040 _cMagnum
100 _aPalhares, Simone Claret
240 1 0 _aPor quê?
_lpor
245 1 0 _aPor quê?
300 _a15
362 0 _a1995
440 1 _a
697 _aLITERATURA INFANTO
942 _cBK
999 _c186888
_d186888